| 000 | 00840nam a2200253Ia 4500 | ||
|---|---|---|---|
| 003 | GCL | ||
| 008 | 140319s9999 xx 000 0 ara d | ||
| 040 |
_aGCL / _cGCL |
||
| 082 | 0 | 4 |
_a621.38 _bف ا |
| 100 | 1 | _aفاروق سيد حسين | |
| 245 | 1 | 0 |
_aالالكترونيات الصناعية / _cفاروق سيد حسين |
| 260 |
_aبيروت : _bدار الراتب الجامعية |
||
| 300 |
_a143 ص ؛ _c25 سم |
||
| 490 |
_aسلسلة تكنولوجيا الالكترونيات الحديثة _v4 |
||
| 650 | 0 | 4 | _aالكهرباء |
| 650 | 0 | 4 | _aالالكترونات |
| 650 | 0 | 4 | _aالاختبارات |
| 650 | 0 | 4 | _aالاتصالات العسكرية |
| 650 | 0 | 4 | _aالاكترونيات |
| 650 | 0 | 4 | _aاجهزة القياس |
| 650 | 0 | 4 | _aشبكات |
| 650 | 0 | 4 | _aالانسان الالى |
| 942 |
_2ddc _cBK |
||
| 999 |
_c30706 _d30706 |
||